00777 a2200205 45000010006000000050017000060080041000230030015000640400040000790800035001192450044001540200018001982640030002163000032002465050238002780410008005161000016005247000016005407000015005565803520260407155840.0260407a1985 arg spa dAR-UNSa-BCEJYS aAR-UNSa-BCEJYSbspacAR-UNSa-BCEJYS a004.41xIngenieria de software10aManual de los sistemas de información a84-283-0383-5 1aMadrid :bParaninfoc1985 a2 v. (382 ; 581 p.)c21 cm. aPRIMERA PARTE: 1. Introducción - 2. Dirección del proyecto – 3. Análisis y diseño del sistema – 4. Desarrollo del sistema – 5. Puesta en marcha y evaluación del sistema – SEGUNDA PARTE: 6. Técnicas y estándares  aspa1 aHartman, W.1 aMatthes, H.1 aProeme, A.